000 00575nam a2200217Ii 4500
003 JO-AjNU
008 230606s9999||||xx |||||||||||||| ||und||
020 _a978-1-118-23074-9
040 _aJO-AjNU
_beng
_erda
_cJO-AjNU
041 _aeng
050 1 4 _aQqc23.w2.2014
100 3 _aResnick,Robertواخرون,
_eauthor
_94987
245 0 0 _aprincipls of Physics
250 _a10 ed
264 3 1 _awiley,2014
300 _a1244p
336 _atext
_btxt
_2rdacontent
337 _aunmediated
_bn
_2rdamedia
338 _avolume
_bnc
_2rdacarrier
650 4 _aphysics
_94988
999 _aE2579
_c2577
_d2577